| 000 | 00591nam a2200241 a 4500 | ||
|---|---|---|---|
| 003 | AR-BaBNM | ||
| 005 | 20251128205713.0 | ||
| 008 | 082120s2002 ||||||||||||||000 | spa|| | ||
| 040 | _cAR-BaBNM | ||
| 100 | 1 | _aBayley, Edgar | |
| 245 | 0 | 0 | _aObra poética |
| 250 | _a1ª ed. | ||
| 260 |
_aBuenos Aires _bEdiciones Corregidor _c1976 |
||
| 300 | _a198 p. | ||
| 490 | 0 |
_aBiblioteca de poesía _vv. 1152 |
|
| 650 | 4 | _aLITERATURA ARGENTINA | |
| 650 | 4 | _aPOESIA | |
| 650 | 4 | _aANTOLOGIAS | |
| 650 | 4 | _aLITERATURA CONTEMPORANEA | |
| 655 | _aLITERATURA | ||
| 942 | _cBK | ||
| 998 | _cMARTIN | ||
| 999 |
_c12477 _d12477 |
||